Statistics for Eurovision second places (2000-2019)

Click here to take the quiz!

General Stats

  • This quiz has been taken 167 times
    (142 since last reset)
  • The average score is 18 of 20

Answer Stats

YearCountrySong% Correct
2000RussiaSolo
99%
2006RussiaNever Let You Go
99%
2015RussiaA Million Voices
99%
2012RussiaParty for Everybody
99%
2018CyprusFuego
97%
2011ItalyMadness of Love
97%
2019ItalySoldi
97%
2007UkraineDancing Lasha Tumbai
95%
2008UkraineShady Lady
95%
2014NetherlandsCalm After the Storm
94%
2017BulgariaBeautiful Mess
93%
2009IcelandIs It True?
93%
2016AustraliaSound of Silence
92%
2013AzerbaijanHold Me
89%
2010TurkeyWe Could Be The Same
89%
2005MaltaAngel
83%
2002Malta7th Wonder
83%
2001DenmarkNever Ever Let You Go
82%
2003BelgiumSanomi
79%
2004Serbia and MontenegroLane moje
68%

Score Distribution

Percentile by Number Answered

Percent of People with Each Score

Your Score History

You have not taken this quiz since the last reset